|
|
|
|
| LEADER |
00000nam a2200000 a 4500 |
| 001 |
UCJ2052 |
| 003 |
CL-VaPUC |
| 008 |
061124e20060000cl |||||||||||||||||spa|d |
| 020 |
|
|
|a 9563100085
|
| 082 |
0 |
4 |
|a Ch863
|b HER
|2 21
|
| 100 |
|
|
|a Hernández Sánchez, Juan L
|e author
|9 502962
|
| 245 |
1 |
0 |
|a Versacrónicas: crónicas miscelánicas versificadas
|
| 300 |
|
|
|a 97 p
|
| 942 |
|
|
|c BK
|
| 945 |
|
|
|d 20061124 00:00:00
|a jtorresc
|
| 260 |
|
|
|a Valparaíso
|b s.n
|c 2006
|
| 650 |
|
0 |
|a Crónicas chilenas
|9 321511
|
| 650 |
|
0 |
|a Literatura chilena
|9 308278
|
| 583 |
|
|
|a last modification
|c 20180109 05:52:13
|k Rodrigo Vera
|
| 999 |
|
|
|c 318469
|d 318467
|
| 952 |
|
|
|0 0
|1 0
|4 0
|6 CH_863_000000000000000_HER_2006
|7 0
|8 A
|9 396269
|a BIBEDU
|b BIBEDU
|d 2019-11-22
|i 4300467
|o Ch863 HER 2006
|p 4300467
|r 2019-11-22
|w 2019-11-22
|y BK
|k LIT
|